Fc Nantes Quiz - Statistiques

Statistiques générales
  • Ce quiz a été pris 53 fois
  • Le résultat moyen est 3 sur 5
Statistiques - réponses
Question Réponse % Correct
Combien de titre le Fc Nantes a t'il ? 8
85%
Quand a été créer le FC Nantes 1943
80%
Combien de coupe de france a le FC Nantes 4
57%
Quelle est le score de FC Nantes - Juventus de 1996 3-2
46%
Combien de fois le FC Nantes est aller en ligue des champion 8
37%
Aucun quiz correspondant
Distribution des résultats
% des personnes avec chaque résultat
Percentile par nombre de réponses
Votre historique - résultats
Vous n’avez pas pris ce quiz